Egy év múlva ötezer óvodás az óvodai ellátás helyzete Szegeden
Elmentve itt :
| Dokumentumtípus: | Cikk |
|---|---|
| Megjelent: |
1968-10-23
|
| Sorozat: | Délmagyarország
58 No. 249 |
| Kulcsszavak: | Szeles András, Óvoda Szeged 1968, óvodák, bölcsődék |
| Online Access: | http://dmarchiv.bibl.u-szeged.hu/73498 |
| LEADER | 00488nab a2200145 i 4500 | ||
|---|---|---|---|
| 001 | delm73498 | ||
| 005 | 20180928082608.0 | ||
| 008 | 180928s1968 hu o 0|| hun d | ||
| 040 | |a SZTE Délmagyarország Archívum |b hun | ||
| 041 | |a hun | ||
| 245 | 0 | 0 | |a Egy év múlva ötezer óvodás |h [elektronikus dokumentum] : |b az óvodai ellátás helyzete Szegeden |
| 260 | |c 1968-10-23 | ||
| 300 | |a 1 | ||
| 490 | 0 | |a Délmagyarország |v 58 No. 249 | |
| 695 | |a Szeles András, Óvoda Szeged 1968, óvodák, bölcsődék | ||